000 nam a22 a 4500
999 _c2585
_d2585
005 20170517114123.0
008 170517b1988 -us||||| |||| 00| 0 eng d
020 _a0849367352
040 _aAKMAL
082 0 4 _a616.396 CUN
090 _a616.396
_bCUN
100 1 _aCunnane, Stephen C.
_95399
245 0 0 _aZinc :
_bclinical and biochemical significance
_cauthor, Stephen C. Cunnane.
260 _aBoca Raton, Fla. :
_bCRC Press,
_c1988
300 _ccm
650 0 _aZinc in the body.
_95400
852 4 1 _aBritish Library
_bDSC
942 _2ddc
_cBOOK